Eastenders Characters-Feb 2015 - Statistics

General Stats
  • This quiz has been taken 491 times
  • The average score is 39 of 61
Answer Stats
Hint Answer % Correct
Beale Ian
97%
Branning Max
93%
Branning Dot
92%
Moon Alfie
91%
Moon Kat
91%
Carter Mick
91%
Mitchell Phil
91%
Beale Bobby
90%
Carter Linda
89%
Beale Jane
88%
Branning Lauren
88%
Beale Peter
86%
Carter Shirley
85%
Fox Denise
84%
Mitchell Sharon
84%
Branning Abi
83%
Mitchell Ben
81%
Brown Jay
81%
Slater Stacey
81%
Ahmed Masood
80%
Mitchell Ronnie
80%
Mitchelll Roxy
80%
Carter Lee
79%
Fowler Martin
78%
Carter Nancy
77%
Fox Kim
75%
Fowler Sonia
74%
Trueman Patrick
72%
Moon Tommy
71%
Jackson Carol
70%
Dean Whitney
69%
Pearce Lola
67%
Harris Mo
67%
Coker Les
65%
Cotton Nick
65%
Masood Tamwar
65%
Mitchell Billy
64%
Cotton Charlie
64%
Wicks Dean
64%
Coker Pam
60%
Cross Cora
59%
Pearce Lexi
59%
Carter Tina
57%
Moon Ernie
55%
Moon Bert
54%
Fowler Rebecca
53%
Masood Shabnam
50%
Butcher Liam
48%
Slater Lily
45%
Carter Stan
45%
Mitchell Amy
40%
Smith Babe
40%
Yates Donna
36%
Mitchell-Cotton Matthew
36%
Shirovs Aleks
26%
Chubb Arthur (Fatboy)
20%
Mitchell Janet
16%
Spraggan Beth
12%
Shirovs Ineta
7%
Williams Cindy Jnr
5%
Rickman Dennis Jnr
5%
No matching quizzes found
Score Distribution
Percent of People with Each Score
Percentile by Number Answered
Your Score History
You have not taken this quiz